000 00698nam a2200205Ii 4500
003 JO-AjNU
008 230606s9999||||xx |||||||||||||| ||und||
020 _a978-1-4411-8395-8(hardback) , 978-1-4411-4587-1(Paperback)
040 _aJO-AjNU
_beng
_erda
_cJO-AjNU
041 _aeng
050 1 4 _aPR5888.R55 2010
100 3 _arobinson, daniel,
_eauthor
_92571
245 0 0 _aWILLIAM WORDSWORTH'S POETRY: A Reader's Guide
264 3 1 _aNew York:Continuum International Publishing Group,2010
300 _a154P
336 _atext
_btxt
_2rdacontent
337 _aunmediated
_bn
_2rdamedia
338 _avolume
_bnc
_2rdacarrier
650 4 _aWorsworth - William - Criticism and interpretation
_92572
999 _aE1345
_c1345
_d1345